Alianza para el campo en Puebla / (Record no. 1766)

MARC details
000 -CABECERA
campo de control de longitud fija 00870nam a2200205 a 4500
005 - FECHA Y HORA DE LA ÚLTIMA TRANSACCIÓN
campo de control 20240919064011.0
008 - ELEMENTOS DE LONGITUD FIJA--INFORMACIÓN GENERAL
campo de control de longitud fija 991125s1997 mx 000 0 spa u
020 ## - NÚMERO INTERNACIONAL NORMALIZADO PARA LIBROS
Número Internacional Estándar del Libro 9688206725
035 ## - NÚMERO DE CONTROL DEL SISTEMA
Número de control de sistema UPN01000001766
049 ## - COLECCIÓN
Colección F
050 #4 - SIGNATURA TOPOGRÁFICA DE LA BIBLIOTECA DEL CONGRESO
Número de clasificación JL1245 D
Número de documento/Ítem Z4.247
110 1# - ASIENTO PRINCIPAL--NOMBRE CORPORATIVO
Nombre de entidad corporativa o nombre de jurisdicción como elemento de entrada México.
Unidad subordinada Presidente (1994-2000 : Zedillo Ponce de León)
245 10 - MENCIÓN DE TÍTULO
Título Alianza para el campo en Puebla /
Mención de responsabilidad, etc. Ernesto Zedillo.
260 ## - PUBLICACIÓN, DISTRIBUCIÓN, ETC.
Lugar de publicación, distribución, etc. México :
Nombre del editor, distribuidor, etc. Presidencia de la República, Dirección General de Comunicación Social,
Fecha de publicación, distribución, etc. 1997.
300 ## - DESCRIPCIÓN FÍSICA
Extensión 10 p.
500 ## - NOTA GENERAL
Nota general "Discurso del Presidente de la República, Ernesto Zedillo, durante la reunión Alianza para el Campo en Puebla, el 20 de junio de 1997, en Santa Rita Tlahuapan, Pue."
610 12 - ASIENTO SECUNDARIO DE MATERIA - NOMBRE CORPORATIVO
Nombre de entidad corporativa o nombre de jurisdicción como elemento de entrada México.
Unidad subordinada Presidente (1994-2000 : Zedillo Ponce de León)
9 (RLIN) 28101
650 #4 - ASIENTO SECUNDARIO DE MATERIA - TERMINO TEMATICO
Término de materia o nombre geográfico como elemento de entrada AGRICULTURA -
Subdivisión general ASPECTOS ECONOMICOS -
Subdivisión geográfica PUEBLA
9 (RLIN) 1871
905 ## - TIPO DE MATERIAL
Tipo de material Libro
Holdings
Estado de retiro Estado de pérdida Fuente del sistema de clasificación o colocación Estado dañado No para préstamo Código de colección Localización permanente Ubicación/localización actual Ubicación en estantería Fecha de adquisición Clasificación Código de barras Fecha visto por última vez Número de copia Tipo de ítem Koha
    Library of Congress Classification   Disponible (Préstamo en sala) Folletería Bib. Gregorio Torres Quintero Bib. Gregorio Torres Quintero Colecciones especiales Planta alta 03/05/2023 JL1245 D Z4.247 23960F 31/12/2020 1 Folleto
    Library of Congress Classification   Disponible (Préstamo en sala) Folletería Bib. Gregorio Torres Quintero Bib. Gregorio Torres Quintero Colecciones especiales Planta alta 03/05/2023 JL1245 D Z4.247 23961F 31/12/2020 1 Folleto
    Library of Congress Classification   Disponible (Préstamo en sala) Folletería Bib. Gregorio Torres Quintero Bib. Gregorio Torres Quintero Colecciones especiales Planta alta 03/05/2023 JL1245 D Z4.247 23962F 31/12/2020 1 Folleto